| 000 -LEADER |
| fixed length control field |
03084cam a22004094a 4500 |
| 001 - CONTROL NUMBER |
| control field |
8804779 |
| 003 - CONTROL NUMBER IDENTIFIER |
| control field |
ASAB |
| 005 - DATE AND TIME OF LATEST TRANSACTION |
| control field |
20180827062717.0 |
| 006 - FIXED-LENGTH DATA ELEMENTS--ADDITIONAL MATERIAL CHARACTERISTICS |
| fixed length control field |
m d |
| 007 - PHYSICAL DESCRIPTION FIXED FIELD--GENERAL INFORMATION |
| fixed length control field |
cr n |
| 008 - FIXED-LENGTH DATA ELEMENTS--GENERAL INFORMATION |
| fixed length control field |
061114s2007 njua sb 001 0 eng d |
| 020 ## - INTERNATIONAL STANDARD BOOK NUMBER |
| International Standard Book Number |
978-81-7319-850-2 |
| 035 ## - SYSTEM CONTROL NUMBER |
| System control number |
(WaSeSS)ssj0000202228 |
| 040 ## - CATALOGING SOURCE |
| Transcribing agency |
ASAB |
| 042 ## - AUTHENTICATION CODE |
| Authentication code |
pcc |
| 050 #4 - LIBRARY OF CONGRESS CALL NUMBER |
| Classification number |
QP624.5.D726 |
| Item number |
M512 2007 |
| 055 02 - CLASSIFICATION NUMBERS ASSIGNED IN CANADA |
| Classification number |
QP624.5* |
| 055 00 - CLASSIFICATION NUMBERS ASSIGNED IN CANADA |
| Classification number |
QP624 .5 D726 |
| Item number |
M52 2007 |
| 060 00 - NATIONAL LIBRARY OF MEDICINE CALL NUMBER |
| Classification number |
W1 |
| Item number |
ME9616J v. 377 2007 |
| 060 10 - NATIONAL LIBRARY OF MEDICINE CALL NUMBER |
| Classification number |
QU 450 |
| Item number |
M6256 2007 |
| 082 00 - DEWEY DECIMAL CLASSIFICATION NUMBER |
| Classification number |
572.8636 |
| Edition number |
22 |
| 210 10 - ABBREVIATED TITLE |
| Abbreviated title |
Microarray data analysis |
| 245 00 - TITLE STATEMENT |
| Title |
Microarray data |
| Remainder of title |
statistical analysis using R |
| Statement of responsibility, etc. |
Shailaja R. Deshmukh |
| 260 ## - PUBLICATION, DISTRIBUTION, ETC. |
| Place of publication, distribution, etc. |
Totowa, N.J. : |
| Name of publisher, distributor, etc. |
Humana Press, |
| Date of publication, distribution, etc. |
c2007. |
| 300 ## - PHYSICAL DESCRIPTION |
| Extent |
various pages |
| Dimensions |
23 cm |
| 490 1# - SERIES STATEMENT |
| Series statement |
Methods in molecular biology, |
| International Standard Serial Number |
1064-3745 ; |
| Volume/sequential designation |
377 |
| 504 ## - BIBLIOGRAPHY, ETC. NOTE |
| Bibliography, etc. note |
Includes bibliographical references and index. |
| 505 0# - FORMATTED CONTENTS NOTE |
| Formatted contents note |
Microarray data analysis: an overview of design, methodology, and analysis / Ashani T. Weeraratna and Dennis D. Taub -- Genomic Signal processing: from matrix algebra to genetic networks / Orly Alter -- Online analysis of microarray data using artificial neural networks / Braden Greer and Javed Khan --Signal processing and the design of microarray time-series experiments / Robert R. Klevecz, Caroline M. Li, and James L. Bolen -- Predictive models of gene regulation: application of regression methods to microarray data / Debopriya Das and Michael Q. Zhang -- Statistical framework for gene expression data analysis / Olga Modlich and Marc Munnes -- Gene expression profiles and prognostic markers for primary breast cancer / Yixin Wang ... [et al.] -- Comparing microarray studies / Mayte Suárez-Fariñas and Marcelo O. Magnasco -- A pitfall in series of microarrays: the position of probes affects the cross-correlation of gene expression profiles / Gábor Balázsi and Zoltán N. Oltvai -- In-depth queryof large genomes using tiling arrays / Manoj Pratim Samanta, Waraporn Tongprasit, and Viktor Stolc -- Analysis of comparative genomic hybridization data on cDNA microarrays / Sven Bilke and Javed Khan -- Integrated high-resolution genome-wide analysis of gene dosage and gene expression in human brain tumors / Dejan Juric ... [et al.] -- Progression-associated genes in astrocytoma identified by novel microarray gene expression data reanalysis / Tobey J. MacDonald ... [et al.] -- Interpreting microarray results with gene ontology and MeSH / John D. Osborne ... [et al.] -- Incorporation of gene ontology annotations to enhance microarray data analysis / Michael F. Ochs ... [et al.] -- Predicting survival in follicular lymphoma using tissue microarrays / Michael J. Korenberg, Pedro Farinha, and Randy D. Gascoyne. |
| 506 ## - RESTRICTIONS ON ACCESS NOTE |
| Terms governing access |
License restrictions may limit access. |
| 650 #0 - SUBJECT ADDED ENTRY--TOPICAL TERM |
| Topical term or geographic name entry element |
DNA microarrays. |
| 9 (RLIN) |
2364 |
| 650 #0 - SUBJECT ADDED ENTRY--TOPICAL TERM |
| Topical term or geographic name entry element |
Gene expression. |
| 9 (RLIN) |
2365 |
| 650 12 - SUBJECT ADDED ENTRY--TOPICAL TERM |
| Topical term or geographic name entry element |
Microarray Analysis |
| General subdivision |
methods. |
| 9 (RLIN) |
2366 |
| 650 22 - SUBJECT ADDED ENTRY--TOPICAL TERM |
| Topical term or geographic name entry element |
Gene Expression Profiling. |
| 9 (RLIN) |
2367 |
| 773 #0 - HOST ITEM ENTRY |
| Title |
Springer Protocols |
| 910 ## - USER-OPTION DATA (OCLC) |
| User-option data |
Library of Congress record |
| 942 ## - ADDED ENTRY ELEMENTS (KOHA) |
| Source of classification or shelving scheme |
|
| Koha item type |
Book |